|
|
|
|
| LEADER |
00000nam0a2200000 4500 |
| 001 |
16579 |
| 005 |
20231030190556.0 |
| 035 |
|
|
|a (RuTPU)RU\TPU\book\16706
|
| 035 |
|
|
|a BOOK00016775
|
| 090 |
|
|
|a 16579
|
| 100 |
|
|
|a 20011209d1986 m y0rusy50 ca
|
| 101 |
0 |
|
|a rus
|
| 102 |
|
|
|a RU
|
| 105 |
|
|
|a y z 000ad
|
| 200 |
1 |
|
|a Полководцы Древней Руси
|f В. В. Каргалов, А. Н. Сахаров
|
| 205 |
|
|
|a 2-е изд.
|
| 210 |
|
|
|a Москва
|c Молодая гвардия
|d 1986
|
| 215 |
|
|
|a 574 с.
|
| 225 |
1 |
|
|a ЖЗЛ
|
| 600 |
|
0 |
|a Святослав
|c киевский князь
|f ?-972
|c сын князя Игоря
|d I
|2 stltpush
|3 (RuTPU)RU\TPU\pers\9913
|
| 600 |
|
0 |
|a Ольга
|c киевская княгиня
|f ?-969
|c жена князя Игоря
|2 stltpush
|3 (RuTPU)RU\TPU\pers\9912
|
| 600 |
|
0 |
|a Владимир Мономах
|d II
|f 1053-1125
|c великий князь киевский
|c князь смоленский, черниговский, переяславский
|c сын Всеволода I
|c писатель
|2 stltpush
|3 (RuTPU)RU\TPU\pers\5607
|
| 610 |
1 |
|
|a история
|
| 610 |
1 |
|
|a Россия
|
| 610 |
1 |
|
|a военная история
|
| 610 |
1 |
|
|a военное искусство
|
| 610 |
1 |
|
|a Киевское государство
|
| 610 |
1 |
|
|a полководцы
|
| 610 |
1 |
|
|a Древняя Русь
|
| 686 |
|
|
|a Т3(2)41
|v LBC/SL-A
|2 rubbk
|
| 686 |
|
|
|a Ц35(2)
|v LBC/SL-A
|2 rubbk
|
| 700 |
|
1 |
|a Каргалов
|b В. В.
|g Вадим Викторович
|
| 701 |
|
1 |
|a Сахаров
|b А. Н.
|g Андрей Николаевич
|
| 801 |
|
0 |
|a RU
|b 63413507
|c 20011209
|g PSBO
|
| 801 |
|
2 |
|a RU
|b 63413507
|c 20120927
|g PSBO
|
| 942 |
|
|
|c BK
|